| 000 | 00901cem a22002175a 4500 | ||
|---|---|---|---|
| 001 | L140390 | ||
| 008 | 070920r19751800xxk a 0 f eng u | ||
| 035 | _a(Sirsi) u140390 | ||
| 041 | 0 | _aeng | |
| 110 | 2 |
_aLondon Topographical Society _9106 |
|
| 245 | 0 | 0 |
_aThomas Milne's land use map of London and environs in 1800 _bwith an introduction by G. B. G. Bull _h[cartographic material] |
| 250 | _aFacsim. | ||
| 255 | _aScale 1:253440 | ||
| 260 |
_aLondon _bLondon Topographical Society _c1975-6 |
||
| 300 |
_a5 p. + 1 map on 6 sheets _bin folder, col. _c51 x 37 cm., or smaller |
||
| 500 | _aA facsimile of Thomas Milne's Land use map of 1800, from the copy held by the British Library. Includes a five page introduction by G. B. G. Bull. | ||
| 651 | 4 | _aLondon | |
| 690 | _aENVIRONMENTAL AND LAND CONSULTANCY-GEOMATICS-MAPPING AND POSITIONING-CARTOGRAPHY | ||
| 700 | 1 | _aMilne, Thomas | |
| 942 | _n0 | ||
| 999 |
_c116860 _d116860 |
||